000 00459nam a22001697a 4500
005 20250708130902.0
008 250708b |||||||| |||| 00| 0 eng d
020 _a9789387839632
082 _a343.07 KOU
100 _aKoul, Autar Krishen.
245 _aGuide to the WTO and GATT : economics, law and politics
250 _a7th ed.
260 _aNew Delhi
_bSatyam Law International
_c2020
300 _axxviii, 680
942 _cLL
942 _e7th ed.
999 _c300413
_d300413